Normal view
MARC view
Entry Geographic Name
001 - CONTROL NUMBER
- control field: 1610
003 - CONTROL NUMBER IDENTIFIER
- control field: ARRUPE
005 - DATE AND TIME OF LATEST TRANSACTION
- control field: 20130927115325.0
008 - FIXED-LENGTH DATA ELEMENTS
- fixed length control field: 130927|| aca||aabn | a|a d
040 ## - CATALOGING SOURCE
- Original cataloging agency: ARRUPE
- Transcribing agency: ARRUPE
151 ## - HEADING--GEOGRAPHIC NAME
- Geographic name: United States
- General subdivision: Politics and government
- Chronological subdivision: 1945-1989.
670 ## - SOURCE DATA FOUND
- Source citation: Work cat.: (ARRUPE)0: Hertzke, Allen D., 1950- 1605, Representing God in Washington :, c1988.